<?xml version="1.0" encoding="UTF-8"?><?xml-stylesheet type="text/xsl" href="static/style.xsl"?><OAI-PMH xmlns="http://www.openarchives.org/OAI/2.0/" xmlns:xsi="http://www.w3.org/2001/XMLSchema-instance" xsi:schemaLocation="http://www.openarchives.org/OAI/2.0/ http://www.openarchives.org/OAI/2.0/OAI-PMH.xsd"><responseDate>2026-06-29T02:48:52Z</responseDate><request verb="GetRecord" identifier="oai:docta.ucm.es:20.500.14352/114135" metadataPrefix="marc">https://docta.ucm.es/rest/oai/request</request><GetRecord><record><header><identifier>oai:docta.ucm.es:20.500.14352/114135</identifier><datestamp>2025-03-03T19:50:04Z</datestamp><setSpec>com_20.500.14352_14</setSpec><setSpec>col_20.500.14352_15</setSpec></header><metadata><record xmlns="http://www.loc.gov/MARC21/slim" xmlns:dcterms="http://purl.org/dc/terms/" xmlns:xsi="http://www.w3.org/2001/XMLSchema-instance" xmlns:doc="http://www.lyncode.com/xoai" xsi:schemaLocation="http://www.loc.gov/MARC21/slim http://www.loc.gov/standards/marcxml/schema/MARC21slim.xsd">
   <leader>00925njm 22002777a 4500</leader>
   <datafield ind2=" " ind1=" " tag="042">
      <subfield code="a">dc</subfield>
   </datafield>
   <datafield ind2=" " ind1=" " tag="720">
      <subfield code="a">Revuelta, Ignacio </subfield>
      <subfield code="e">author</subfield>
   </datafield>
   <datafield ind2=" " ind1=" " tag="720">
      <subfield code="a">Santos Arteaga, Francisco Javier</subfield>
      <subfield code="e">author</subfield>
   </datafield>
   <datafield ind2=" " ind1=" " tag="720">
      <subfield code="a">Diekmann, Fritz </subfield>
      <subfield code="e">author</subfield>
   </datafield>
   <datafield ind2=" " ind1=" " tag="260">
      <subfield code="c">2021</subfield>
   </datafield>
   <datafield ind2=" " ind1=" " tag="520">
      <subfield code="a">In an overwhelming demand scenario, such as the SARS-CoV-2 pandemic, pressure over
health systems may outburst their predicted capacity to deal with such extreme situations.
Therefore, in order to successfully face a health emergency, scientifc evidence and validated models are needed to provide real-time information that could be applied by any
health center, especially for high-risk populations, such as transplant recipients. We have
developed a hybrid prediction model whose accuracy relative to several alternative confgurations has been validated through a battery of clustering techniques. Using hospital
admission data from a cohort of hospitalized transplant patients, our hybrid Data Envelopment Analysis (DEA)—Artifcial Neural Network (ANN) model extrapolates the progression towards severe COVID-19 disease with an accuracy of 96.3%, outperforming
any competing model, such as logistic regression (65.5%) and random forest (44.8%). In
this regard, DEA-ANN allows us to categorize the evolution of patients through the values
of the analyses performed at hospital admission. Our prediction model may help guiding
COVID-19 management through the identifcation of key predictors that permit a sustainable management of resources in a patient-centered model.</subfield>
   </datafield>
   <datafield ind1="8" ind2=" " tag="024">
      <subfield code="a">Revuelta, I., Santos-Arteaga, F. J., Montagud-Marrahi, E., Ventura-Aguiar, P., Di Caprio, D., Cofan, F., Cucchiari, D., Torregrosa, V., Piñeiro, G. J., Esforzado, N., Bodro, M., Ugalde-Altamirano, J., Moreno, A., Campistol, J. M., Alcaraz, A., Bayès, B., Poch, E., Oppenheimer, F., &amp; Diekmann, F. (2021). A hybrid data envelopment analysis—artificial neural network prediction model for COVID-19 severity in transplant recipients. Artificial Intelligence Review, 54(6), 4653-4684. https://doi.org/10.1007/S10462-021-10008-0</subfield>
   </datafield>
   <datafield ind1="8" ind2=" " tag="024">
      <subfield code="a">0269-2821</subfield>
   </datafield>
   <datafield ind1="8" ind2=" " tag="024">
      <subfield code="a">1573-7462</subfield>
   </datafield>
   <datafield ind1="8" ind2=" " tag="024">
      <subfield code="a">10.1007/s10462-021-10008-0</subfield>
   </datafield>
   <datafield ind1="8" ind2=" " tag="024">
      <subfield code="a">https://hdl.handle.net/20.500.14352/114135</subfield>
   </datafield>
   <datafield ind2="0" ind1="0" tag="245">
      <subfield code="a">A hybrid data envelopment analysis—artificial neural network prediction model for COVID-19 severity in transplant recipients</subfield>
   </datafield>
</record></metadata></record></GetRecord></OAI-PMH>